Przystanki tramwajowe w Szczecinie - 2025 - Statystyki

Ogólne statystyki
  • Ten quiz został rozwiązany 24 razy
  • Średni wynik to 64 z 102
Statystyki odpowiedzi
Odpowiedź % Poprawnych
Plac Rodła
100%
Pomorzany
100%
Brama Portowa
93%
Gumieńce
93%
Wyszyńskiego
93%
Basen Górniczy
86%
Ku Słońcu
86%
Potulicka
86%
FIlharmonia
79%
Hangarowa
79%
Jaśminowa ZUS
79%
Kołłątaja
79%
Kolumba
79%
Las Arkoński
79%
Narutowicza
79%
Plac Grunwaldzki
79%
Plac Kościuszki
79%
Turkusowa
79%
Wały Chrobrego
79%
Arkońska Szpital
71%
Bohaterów Warszawy
71%
Celna
71%
Dubois
71%
Głębokie
71%
Gocław
71%
Kasyno
71%
Matejki
71%
Osiedle Zawadzkiego
71%
Plac Szarych Szeregów
71%
Plac Szyrockiego
71%
Plac Żołnierza Polskiego
71%
Rayskiego
71%
Stocznia Szczecińska
71%
Turzyn
71%
Unii Lubelskiej
71%
Wernyhory
71%
Zajezdnia Golęcin
71%
Zajezdnia Pogodno
71%
Żołnierska
71%
Brzozowskiego
64%
Cmentarz Centralny
64%
Dworcowa
64%
Energetyków
64%
Łękno
64%
Parkowa
64%
Plac Gałczyńskiego
64%
Plac Witosa
64%
Szwoleżerów
64%
Teatr Polski
64%
Tor Kolarski
64%
Wawrzyniaka
64%
Arena Szczecin
57%
Boguchwały
57%
Bulwar Piastowski
57%
Karłowicza
57%
Konopnickiej
57%
Ludowa
57%
Merkatora
57%
Modra
57%
Muzeum Techniki
57%
Niemcewicza
57%
Osiedle Akademickie
57%
Piastów
57%
Piotra Skargi
57%
Plac Zawiszy
57%
Plac Zwycięstwa
57%
Rondo Olszewskiego
57%
Sowińskiego
57%
Świętego Józefa
57%
Szafera
57%
Szkoła Salezjańska
57%
Tama Pomorzańska
57%
Wojciechowskiego
57%
Antosiewicza
50%
Bogumiły
50%
Dworzec Niebuszewo
50%
Felczaka
50%
Goplana
50%
Krasińskiego
50%
Lipowa
50%
Lubeckiego
50%
Lubomirskiego
50%
Międzyparkowa
50%
Parnica
50%
Poniatowskiego
50%
Skm Dworzec Główny (Kolumba)
50%
Smolańska
50%
Stadion Arkonia
50%
Stocznia Remontowa
50%
Tatrzańska
50%
Wszystkich Świętych
50%
Dobromiry
43%
Karola Miarki
43%
Niemierzyńska Technopark
43%
Plac Tobrucki
43%
Sikorskiego
43%
Strzałowska
43%
Światowida
43%
Zapadła
43%
Kręta
36%
Robotnicza
36%
Skm Port Centralny
36%
Nie znaleziono quizów pasujących do podanych kryteriów
Rozkład punktacji
Procent ludzi z każdym wynikiem
Percentyl według liczby udzielonych odpowiedzi
Twoja historia wyników
Nie rozwiązałeś tego quizu